<?xml version="1.0" encoding="UTF-8"?>
<record
    xmlns:xsi="http://www.w3.org/2001/XMLSchema-instance"
    xsi:schemaLocation="http://www.loc.gov/MARC21/slim http://www.loc.gov/standards/marcxml/schema/MARC21slim.xsd"
    xmlns="http://www.loc.gov/MARC21/slim">

  <leader>03493cam a2200457 a 4500</leader>
  <controlfield tag="001">15196796</controlfield>
  <controlfield tag="003">OSt</controlfield>
  <controlfield tag="005">20260505061141.0</controlfield>
  <controlfield tag="008">080227s2009    enk      b    001 0 eng  </controlfield>
  <datafield tag="010" ind1=" " ind2=" ">
    <subfield code="a">  2008008935</subfield>
  </datafield>
  <datafield tag="020" ind1=" " ind2=" ">
    <subfield code="a">9780415446297</subfield>
    <subfield code="q">hbk.</subfield>
  </datafield>
  <datafield tag="020" ind1=" " ind2=" ">
    <subfield code="a">0415446295</subfield>
    <subfield code="q">hbk.</subfield>
  </datafield>
  <datafield tag="020" ind1=" " ind2=" ">
    <subfield code="a">9780203891834</subfield>
    <subfield code="q">ebk.</subfield>
  </datafield>
  <datafield tag="020" ind1=" " ind2=" ">
    <subfield code="a">020389183X</subfield>
    <subfield code="q">ebk.</subfield>
  </datafield>
  <datafield tag="035" ind1=" " ind2=" ">
    <subfield code="a">15196796</subfield>
  </datafield>
  <datafield tag="035" ind1=" " ind2=" ">
    <subfield code="a">(OCoLC)212908840</subfield>
  </datafield>
  <datafield tag="040" ind1=" " ind2=" ">
    <subfield code="a">DLC</subfield>
    <subfield code="c">DLC</subfield>
    <subfield code="d">BAKER</subfield>
    <subfield code="d">BTCTA</subfield>
    <subfield code="d">OCLCG</subfield>
    <subfield code="d">BWKUK</subfield>
    <subfield code="d">BWK</subfield>
    <subfield code="d">YDXCP</subfield>
    <subfield code="d">BWX</subfield>
    <subfield code="d">AGL</subfield>
    <subfield code="d">CDX</subfield>
    <subfield code="d">OCLCA</subfield>
    <subfield code="d">IXA</subfield>
    <subfield code="d">UWW</subfield>
    <subfield code="d">GEBAY</subfield>
    <subfield code="d">DLC</subfield>
  </datafield>
  <datafield tag="050" ind1="0" ind2="0">
    <subfield code="a">HN49.C6</subfield>
    <subfield code="b">P435 2009</subfield>
  </datafield>
  <datafield tag="082" ind1="0" ind2="0">
    <subfield code="a">307.141 2 PEA</subfield>
    <subfield code="2">22</subfield>
  </datafield>
  <datafield tag="245" ind1="0" ind2="0">
    <subfield code="a">Peasants and globalization :</subfield>
    <subfield code="b">political economy, rural transformation and the agrarian question /</subfield>
    <subfield code="c">edited by A. Haroon Akram-Lodhi and Crist&#xF3;bal Kay.</subfield>
  </datafield>
  <datafield tag="260" ind1=" " ind2=" ">
    <subfield code="a">London ;</subfield>
    <subfield code="a">New York :</subfield>
    <subfield code="b">Routledge,</subfield>
    <subfield code="c">2009.</subfield>
  </datafield>
  <datafield tag="300" ind1=" " ind2=" ">
    <subfield code="a">xi, 347 p. ;</subfield>
    <subfield code="c">25 cm.</subfield>
  </datafield>
  <datafield tag="336" ind1=" " ind2=" ">
    <subfield code="a">text</subfield>
    <subfield code="b">txt</subfield>
    <subfield code="2">rdacontent</subfield>
  </datafield>
  <datafield tag="337" ind1=" " ind2=" ">
    <subfield code="a">unmediated</subfield>
    <subfield code="b">n</subfield>
    <subfield code="2">rdamedia</subfield>
  </datafield>
  <datafield tag="338" ind1=" " ind2=" ">
    <subfield code="a">volume</subfield>
    <subfield code="b">nc</subfield>
    <subfield code="2">rdacarrier</subfield>
  </datafield>
  <datafield tag="490" ind1="1" ind2=" ">
    <subfield code="a">Routledge ISS studies in rural livelihoods ;</subfield>
    <subfield code="v">2</subfield>
  </datafield>
  <datafield tag="504" ind1=" " ind2=" ">
    <subfield code="a">Includes bibliographical references and index.</subfield>
  </datafield>
  <datafield tag="505" ind1="0" ind2=" ">
    <subfield code="a">Pt. 1. Peasant Livelihoods and the Agrarian Question -- 1. The agrarian question: peasants and rural change / A. Haroon Akram-Lodhi and Cristobal Kay -- Pt. 2. Historical Perspectives on Agrarian Change -- 2. Peasants and the market imperative: the origins of capitalism / Ellen Meiksins Wood -- 3. The landlord class, peasant differentiation, class struggle and the transition to capitalism: England, France and Prussia compared / Terence J. Byres -- 4. Nineteenth century imperialism and structural transformation in colonized countries / Amiya Kumar Bagchi -- 5. The invisible hand and the visible foot: peasants, dispossession and globalization / Farshad Araghi -- 6. Peasant struggles for land and agrarian reform in Latin America / Miguel Teubal -- Pt. 3. Contemporary Perspectives on Agrarian Change -- 7. The globalization of manufacturing production: Warrenite fantasies and uneven and unequal realities / Ray Kiely -- 8. Gender justice, land and the agrarian question in Southern Africa / Bridget O'Laughlin -- 9. The political economy of land and the agrarian question in an era of neoliberal globalization / A. Haroon Akram-Lodhi, Cristobal Kay and Saturnino M. Borras, Jr. -- 10. Agrarian questions from transition to globalization / Henry Bernstein -- 11. Southern question: agrarian questions of labour and capital / Michael I. Watts -- 12. Food sovereignty, social reproduction and the agrarian question / Philip McMichael -- Pt. 4. Agrarian Question, Past and Present -- 13. Neoliberal globalization, the traits of rural accumulation and rural politics: the agrarian question in the twenty-first century / A. Haroon Akram-Lodhi and Cristobal Kay.</subfield>
  </datafield>
  <datafield tag="650" ind1=" " ind2="0">
    <subfield code="a">Rural development</subfield>
    <subfield code="v">Case studies.</subfield>
  </datafield>
  <datafield tag="650" ind1=" " ind2="0">
    <subfield code="a">Peasants</subfield>
    <subfield code="v">Case studies.</subfield>
  </datafield>
  <datafield tag="650" ind1=" " ind2="0">
    <subfield code="a">Globalization</subfield>
    <subfield code="v">Case studies.</subfield>
  </datafield>
  <datafield tag="655" ind1=" " ind2="7">
    <subfield code="a">Case studies.</subfield>
    <subfield code="2">lcgft</subfield>
    <subfield code="0">https://id.loc.gov/authorities/genreForms/gf2017026140</subfield>
  </datafield>
  <datafield tag="700" ind1="1" ind2=" ">
    <subfield code="a">Akram-Lodhi, A. Haroon,</subfield>
    <subfield code="d">1958-</subfield>
  </datafield>
  <datafield tag="700" ind1="1" ind2=" ">
    <subfield code="a">Kay, Crist&#xF3;bal.</subfield>
  </datafield>
  <datafield tag="830" ind1=" " ind2="0">
    <subfield code="a">Routledge ISS studies in rural livelihoods ;</subfield>
    <subfield code="v">2.</subfield>
  </datafield>
  <datafield tag="856" ind1="4" ind2="1">
    <subfield code="3">Table of contents only</subfield>
    <subfield code="u">http://www.loc.gov/catdir/toc/ecip0812/2008008935.html</subfield>
  </datafield>
  <datafield tag="906" ind1=" " ind2=" ">
    <subfield code="a">7</subfield>
    <subfield code="b">cbc</subfield>
    <subfield code="c">orignew</subfield>
    <subfield code="d">1</subfield>
    <subfield code="e">ecip</subfield>
    <subfield code="f">20</subfield>
    <subfield code="g">y-gencatlg</subfield>
  </datafield>
  <datafield tag="942" ind1=" " ind2=" ">
    <subfield code="2">ddc</subfield>
    <subfield code="c">BOOKS</subfield>
  </datafield>
  <datafield tag="999" ind1=" " ind2=" ">
    <subfield code="c">9580</subfield>
    <subfield code="d">9580</subfield>
  </datafield>
  <datafield tag="952" ind1=" " ind2=" ">
    <subfield code="0">0</subfield>
    <subfield code="1">0</subfield>
    <subfield code="2">ddc</subfield>
    <subfield code="4">0</subfield>
    <subfield code="7">0</subfield>
    <subfield code="a">1000</subfield>
    <subfield code="b">1000</subfield>
    <subfield code="c">Ground Floor </subfield>
    <subfield code="d">2026-05-05</subfield>
    <subfield code="l">0</subfield>
    <subfield code="o">307.141 2 PEA</subfield>
    <subfield code="p">LIB003674</subfield>
    <subfield code="r">2026-05-05</subfield>
    <subfield code="t">1</subfield>
    <subfield code="w">2026-05-05</subfield>
    <subfield code="y">BOOKS</subfield>
  </datafield>
  <datafield tag="952" ind1=" " ind2=" ">
    <subfield code="0">0</subfield>
    <subfield code="1">0</subfield>
    <subfield code="2">ddc</subfield>
    <subfield code="4">0</subfield>
    <subfield code="7">0</subfield>
    <subfield code="a">1000</subfield>
    <subfield code="b">1000</subfield>
    <subfield code="c">Ground Floor </subfield>
    <subfield code="d">2026-05-05</subfield>
    <subfield code="l">0</subfield>
    <subfield code="o">307.141 2 PEA</subfield>
    <subfield code="p">LIB003616</subfield>
    <subfield code="r">2026-05-05</subfield>
    <subfield code="t">3</subfield>
    <subfield code="w">2026-05-05</subfield>
    <subfield code="y">BOOKS</subfield>
  </datafield>
  <datafield tag="952" ind1=" " ind2=" ">
    <subfield code="0">0</subfield>
    <subfield code="1">0</subfield>
    <subfield code="2">ddc</subfield>
    <subfield code="4">0</subfield>
    <subfield code="7">0</subfield>
    <subfield code="a">1000</subfield>
    <subfield code="b">1000</subfield>
    <subfield code="c">Ground Floor </subfield>
    <subfield code="d">2026-05-05</subfield>
    <subfield code="l">0</subfield>
    <subfield code="o">307.141 2 PEA</subfield>
    <subfield code="p">LIB003615</subfield>
    <subfield code="r">2026-05-05</subfield>
    <subfield code="t">4</subfield>
    <subfield code="w">2026-05-05</subfield>
    <subfield code="y">BOOKS</subfield>
  </datafield>
  <datafield tag="952" ind1=" " ind2=" ">
    <subfield code="0">0</subfield>
    <subfield code="1">0</subfield>
    <subfield code="2">ddc</subfield>
    <subfield code="4">0</subfield>
    <subfield code="7">0</subfield>
    <subfield code="a">1000</subfield>
    <subfield code="b">1000</subfield>
    <subfield code="c">Ground Floor </subfield>
    <subfield code="d">2026-05-05</subfield>
    <subfield code="l">0</subfield>
    <subfield code="o">307.141 2 PEA</subfield>
    <subfield code="p">LIB003681</subfield>
    <subfield code="r">2026-05-05</subfield>
    <subfield code="t">5</subfield>
    <subfield code="w">2026-05-05</subfield>
    <subfield code="y">BOOKS</subfield>
  </datafield>
</record>
